Statistics for Name The Three Smallest Country In Each Continents

Click here to take the quiz!

General Stats

  • This quiz has been taken 20 times
    (3 since last reset)
  • The average score is 6 of 18

Answer Stats

QuestionAnswer% Correct
What is the smallest country in AsiaMaldives
67%
What is the smallest country in OceaniaNauru
67%
What is the second smallest country in AfricaSaõ Tomé and Príncipe
67%
What is the smallest country in AfricaSeychelles
67%
What is the smallest country in South AmericaSuriname
67%
What is the smallest country in EuropeVatican City
67%
What is the third smallest country in AsiaBahrain
33%
What is the second smallest country in North AmericaGrenada
33%
What is the second smallest country in EuropeMonaco
33%
What is the smallest country in North AmericaSaint Kitts and Nevis
33%
What is the third smallest country in EuropeSan Marino
33%
What is the second smallest country in OceaniaTuvalu
33%
What is the third smallest country in South AmericaGuyana
0%
What is the third smallest country in OceaniaMarshall Islands
0%
What is the third most smallest country in AfricaMauritius
0%
What is the third smallest country in North AmericaSaint Vincent and the Grenadines
0%
What is the second smallest country in AsiaSingapore
0%
What is the second smallest country in South AmericaUruguay
0%

Score Distribution

Percentile by Number Answered

Percent of People with Each Score

Your Score History

You have not taken this quiz since the last reset